Statistics for UEFA Euro 2020 Flags

Click here to take the quiz!

General Stats

  • This quiz has been taken 37 times
  • The average score is 23 of 24

Answer Stats

Answer% Correct
Belgium
100%
Croatia
100%
Denmark
100%
Finland
100%
France
100%
Germany
100%
Poland
100%
Portugal
100%
Spain
100%
Turkey
100%
Wales
100%
England
97%
Italy
97%
Netherlands
97%
Slovakia
97%
Sweden
97%
Switzerland
97%
Austria
94%
Czech Republic
94%
Hungary
94%
North Macedonia
94%
Russia
94%
Scotland
94%
Ukraine
94%

Score Distribution

Percentile by Number Answered

Percent of People with Each Score

Your Score History

You have not taken this quiz